000 00625nam a2200169 i 4500
001 83218
003 ES-MaACL
005 20230906174808.0
007 t|
008 041116s1959 sp ||||1| spa d
110 2 _aInstituto Nacional de Industria (España)
_93953
245 1 0 _aResumen sobre finalidades y actuación hasta el 31 de diciembre de 1958 /
_cInstituto Nacional de Industria.
260 _a[S.l. :
_bs.n.,
_c1959] (
_eMadrid :
_fGráficas Reunidas)
300 _aXVI, 393 p., 36 lám. ;
_c30 cm.
610 2 4 _aInstituto Nacional de Industria (España)-
_vMemorias.
_9170432
852 _aES-MaACL
_jC-17592
_bR.45559
999 _c83218
_d83218